|
|
|
|
| LEADER |
00000cam a2200000 7i4500 |
| 001 |
0000000845 |
| 005 |
20030603.0 |
| 040 |
|
|
|a INS
|
| 090 |
0 |
0 |
|a HJ70.7.P29
|b A2
|
| 245 |
1 |
0 |
|a Anggaran Hasil dan Perbelanjaan
|c Kerajaan Johor
|
| 260 |
|
|
|a Johor Bahru :
|b Kerajaan Johor ,
|c (19?)
|
| 500 |
|
|
|a Discription base on 1980 Tahunan
|
| 650 |
0 |
0 |
|a Budjet
|z Johor
|
| 999 |
|
|
|a 0000001017
|b BOOK
|c Open Shelf
|e Default branch
|
| 999 |
|
|
|a 0000001018
|b BOOK
|c Open Shelf
|e Default branch
|
| 999 |
|
|
|a 0000001019
|b BOOK
|c Open Shelf
|e Default branch
|
| 999 |
|
|
|a 0000001020
|b BOOK
|c Open Shelf
|e Default branch
|
| 999 |
|
|
|a 0000001021
|b BOOK
|c Open Shelf
|e Default branch
|
| 999 |
|
|
|a 0000001022
|b BOOK
|c Open Shelf
|e Default branch
|